[Event "Carlos Torre op 13th"]
[Site "Merida"]
[Date "2000.12.16"]
[Round "3"]
[White "Arencibia, Walter"]
[Black "Vera, Reynaldo"]
[Result "1/2-1/2"]
[WhiteElo "2513"]
[BlackElo "2584"]
[PlyCount "22"]
[EventDate "2000.12.15"]
[Source "ChessBase"]
[SourceDate "2001.01.11"]

1. d4 d5 2. c4 c6 3. Nc3 Nf6 4. Nf3 dxc4 5. a4 Bf5 6. e3 e6 7. Bxc4 Bb4 8. O-O O-O 9. Qe2 Bg4 10. h3 Bh5 11. Rd1 c5 1/2-1/2

[Event "Open"]
[Site "Antwerp open"]
[Date "1993.??.??"]
[Round "4"]
[White "Oll, Lembit"]
[Black "Barua, Dibyendu"]
[Result "1/2-1/2"]
[WhiteElo "2585"]
[BlackElo "2510"]
[PlyCount "83"]
[EventDate "1993.??.??"]
[Source "www.chesslib.no"]
[SourceDate "2004.05.04"]

1. d4 d5 2. c4 c6 3. Nf3 Nf6 4. Nc3 dxc4 5. a4 Bf5 6. e3 e6 7. Bxc4 Bb4 8. O-O O-O 9. Qe2 Nbd7 10. e4 Bg6 11. Bd3 Bh5 12. e5 Nd5 13. Ne4 Be7 14. a5 a6 15. Bd2 c5 16. Nxc5 Bxc5 17. dxc5 Nxc5 18. Bc2 f5 19. Ra3 Be8 20. Rd1 Rc8 21. Nd4 Qh4 22. Be1 Nf4 23. Qf1 Qe7 24. g3 Nd5 25. Nxf5 exf5 26. Rxd5 Bb5 27. Qh3 Ne4 28. Bb3 Kh8 29. Qh4 g5 30. Qh6 Rc6 31. Rd6 Rc1 32. Rd2 Rd1 33. Bc2 Qg7 34. Re2 Rd2 35. Bxd2 Nf6 36. Rc3 Nh5 37. Rce3 b6 38. Bb1 Rb8 39. Bc3 Bxe2 40. b4 Bf3 41. Qd6 Bh1 42. Qd5 1/2-1/2

[Event "13 open"]
[Site "Castellar del Vallés"]
[Date "2004.07.19"]
[Round "6.3"]
[White "Moskalenko, Viktor"]
[Black "Peralta, Fernando"]
[Result "1/2-1/2"]
[WhiteElo "2544"]
[BlackElo "2541"]
[PlyCount "98"]
[EventDate "2004.07.14"]
[Source "Roberto Alvarez"]
[SourceDate "2003.08.04"]

1. d4 d5 2. c4 c6 3. Nf3 Nf6 4. Nc3 dxc4 5. a4 Bf5 6. e3 e6 7. Bxc4 Bb4 8. O-O O-O 9. Qe2 Bg6 10. Ne5 Nbd7 11. Nxg6 hxg6 12. Rd1 Qa5 13. e4 e5 14. Na2 Be7 15. b4 Qc7 16. f4 exf4 17. e5 Nd5 18. Bxd5 cxd5 19. a5 Rfc8 20. Qf3 Qc4 21. Bb2 g5 22. h3 Qc2 23. Rab1 Qe4 24. Nc3 Qxf3 25. gxf3 Bxb4 26. Nxd5 Bf8 27. Nc3 Bb4 28. Nd5 Bf8 29. Ba1 Rab8 30. Nc3 Rc4 31. Ne4 Be7 32. d5 b5 33. e6 fxe6 34. dxe6 Nf8 35. Nd6 Rc6 36. Nf5 Bc5+ 37. Kf1 Nxe6 38. Rd7 Rf8 39. Nxg7 Rf7 40. Rxf7 Kxf7 41. Rxb5 Nxg7 42. Rb7+ Ke6 43. Rxg7 Be7 44. Bd4 a6 45. Ke2 Bd8 46. Bb6 Bxb6 47. axb6 Kf6 48. b7 Rb6 49. Rc7 Rb3 1/2-1/2

[Event "Moscow RUS"]
[Site "?"]
[Date "2006.05.07"]
[Round "6"]
[White "Rychagov Andrey"]
[Black "Vorobiov Evgeny E"]
[Result "1/2-1/2"]
[WhiteElo "2542"]
[BlackElo "2540"]
[PlyCount "26"]
[EventDate "2006.??.??"]
[Source "www.chesslib.no"]
[SourceDate "2004.05.04"]

1. d4 d5 2. c4 c6 3. Nf3 Nf6 4. Nc3 dxc4 5. a4 Bf5 6. e3 e6 7. Bxc4 Bb4 8. O-O O-O 9. Qe2 Nbd7 10. e4 Bg6 11. Bd3 a6 12. e5 Nd5 13. Bxg6 fxg6 1/2-1/2

[Event "Bad Zwesten op 6th"]
[Site "Bad Zwesten"]
[Date "2002.01.06"]
[Round "4"]
[White "Farago, Ivan"]
[Black "Luther, Thomas"]
[Result "1/2-1/2"]
[WhiteElo "2500"]
[BlackElo "2573"]
[PlyCount "97"]
[EventDate "2002.01.04"]
[Source "ChessBase"]
[SourceDate "2002.03.14"]

1. d4 d5 2. c4 c6 3. Nf3 Nf6 4. Nc3 dxc4 5. a4 Bf5 6. e3 e6 7. Bxc4 Bb4 8. O-O O-O 9. Qe2 Ne4 10. Bd3 Bxc3 11. Bxe4 Bxe4 12. bxc3 c5 13. Ba3 Nd7 14. Nd2 Bc6 15. Nb3 b6 16. a5 Qg5 17. f3 Rfc8 18. axb6 axb6 19. Bb2 h6 20. Rxa8 Rxa8 21. Ra1 Rxa1+ 22. Bxa1 c4 23. Nd2 b5 24. Bb2 Nb6 25. e4 Na4 26. Nf1 f5 27. h4 Qg6 28. Ne3 fxe4 29. f4 Qg3 30. f5 Nxb2 31. fxe6 Be8 32. Nf5 Qf4 33. Ne7+ Kf8 34. Nd5 Qc1+ 35. Kh2 Nd3 36. Qg4 Qf1 37. e7+ Kg8 38. Nc7 Qh1+ 39. Kxh1 Nf2+ 40. Kg1 Nxg4 41. Nxe8 Kf7 42. Nd6+ Kxe7 43. Nxb5 Ke6 44. Kf1 Ne3+ 45. Kf2 Nd5 46. g3 Kd7 47. Na3 Nxc3 48. Nxc4 Nd5 49. Ke2 1/2-1/2

[Event "Lvov"]
[Site "Lvov"]
[Date "1981.??.??"]
[Round "10"]
[White "Beliavsky, Alexander G"]
[Black "Meduna, Eduard"]
[Result "0-1"]
[WhiteElo "2620"]
[BlackElo "2450"]
[PlyCount "90"]
[EventDate "1981.06.??"]
[Source "ChessBase"]

1. d4 d5 2. c4 c6 3. Nc3 Nf6 4. Nf3 dxc4 5. a4 Bf5 6. e3 e6 7. Bxc4 Bb4 8. O-O O-O 9. Qe2 Nbd7 10. e4 Bg6 11. Bd3 Bh5 12. Bf4 e5 13. dxe5 Ng4 14. Qc2 Qe7 15. Qb3 a5 16. Na2 Bc5 17. Rac1 Ngxe5 18. Nxe5 Nxe5 19. Bxe5 Qxe5 20. Qxb7 Rad8 21. Qxc6 Bd6 22. g3 Bf3 23. Rfe1 Qxb2 24. Rc2 Qd4 25. Bb5 Be5 26. Qc4 Qd6 27. Qc5 Qf6 28. Nc3 Kh8 29. Nd5 Qh6 30. Re3 Bg4 31. h4 f5 32. exf5 Bd6 33. Qc4 Bxf5 34. Rce2 Rc8 35. Qb3 Bg4 36. Ra2 Rc1+ 37. Kg2 Bc5 38. Re4 Qg6 39. Rc4 Qb1 40. Qxb1 Bf3+ 41. Kh3 Rxb1 42. g4 Bd6 43. Nf4 Bxf4 44. Rxf4 Rxf4 45. Kg3 Rf8 0-1